00847cam a2200169Ia 4500082001300000245021300013260004700226300009500273490008000368500002000448500006500468526003700533650000800570700001800578700002000596856006100616 a951bBLA00aChina under the empress dowagerbbeing the history of the life and times of Tzǔ Hsi, compiled from state papers and the private diary of the comptroller of her household /cby J.O.P. Bland and E. Backhouse. aPhiladelphia :bJ.B. Lippincott Co.,c1910 a1 online resource (xv, 525, [1] p., [27] leaves of plates) :bill., maps, ports., facsims.1 aNineteenth Century Collections Online (NCCO): Women: Transnational Networks aIncludes index. aReproduction of the original from the Smith College Library. a0b0c0d951_000000000000000_BLA aMCE1 aBackhouse, E.1 aBland, J. O. P.40uhttp://www.columbia.edu/cgi-bin/cul/resolve?clio10761516